|
|
|
|
| LEADER |
00000nam0a2200000 4500 |
| 001 |
15917 |
| 005 |
20231101205042.0 |
| 010 |
|
|
|a 5080008717
|
| 035 |
|
|
|a (RuTPU)RU\TPU\book\16034
|
| 035 |
|
|
|a BOOK00016103
|
| 090 |
|
|
|a 15917
|
| 100 |
|
|
|a 20011209d1990 km y0rusy50 ca
|
| 101 |
0 |
|
|a rus
|
| 102 |
|
|
|a RU
|
| 105 |
|
|
|a y z 000zd
|
| 200 |
1 |
|
|a Избранное
|f Н. М. Карамзин
|
| 210 |
|
|
|a Москва
|c Детская литература
|d 1990
|
| 215 |
|
|
|a 399 с.
|
| 225 |
1 |
|
|a Историческая библиотека
|
| 600 |
|
0 |
|a Иван
|d III
|c великий князь владимирский и московский
|f 1440-1505
|2 stltpui
|3 (RuTPU)RU\TPU\pers\1412
|
| 600 |
|
0 |
|a Иван Грозный
|d IV
|c великий князь московский, первый русский царь
|f 1530-1584
|c из династии Рюриковичей
|2 stltpui
|3 (RuTPU)RU\TPU\pers\1414
|
| 610 |
1 |
|
|a история
|
| 610 |
1 |
|
|a Россия
|
| 610 |
1 |
|
|a славяне
|
| 610 |
1 |
|
|a великие князья
|
| 610 |
1 |
|
|a князья русские
|
| 675 |
|
|
|a Р1
|v 3
|
| 686 |
|
|
|a Т3(2)0
|v LBC/SL-A
|2 rubbk
|
| 700 |
|
1 |
|a Карамзин
|b Н. М.
|c российский историк
|c писатель
|c критик
|f 1766-1826
|g Николай Михайлович
|2 stltpush
|3 (RuTPU)RU\TPU\pers\35
|9 22
|
| 801 |
|
0 |
|a RU
|b 63413507
|c 20011209
|g PSBO
|
| 801 |
|
2 |
|a RU
|b 63413507
|c 20110414
|g PSBO
|
| 942 |
|
|
|c BK
|